| 000 | 00699nam a2200193 4500 | ||
|---|---|---|---|
| 001 | 117923 | ||
| 003 | ES-MaACL | ||
| 005 | 20250816070623.0 | ||
| 007 | t| | ||
| 008 | 070214s1964 sp r ||||1| spa d | ||
| 100 | 1 |
_aPaquet, Pierre. _988897 |
|
| 245 | 1 | 0 |
_aPrevisión, inversión y financiación a través de la investigación del mercado / _cPierre Paquet ; revisión y prólogo de José R. Santolalla Arbonés ; [traducción por Guillermo Lledo Vila]. |
| 260 |
_aBarcelona : _bSagitario, _c1964. |
||
| 300 |
_a340 p. ; _c22 cm. |
||
| 700 | 1 |
_aSantolalla Arbonés, José R. _9103444 |
|
| 700 | 1 |
_aLledó, Guillermo _972743 |
|
| 852 |
_aES-MaACL _jC-25225 _bR.54095 |
||
| 999 |
_c117923 _d117923 |
||